See yourself in the Bible. (Record no. 3483)

000 -LEADER
fixed length control field 00573nam a2200193 a 4500
001 - CONTROL NUMBER
control field :::00001214$&:&@@
003 - CONTROL NUMBER IDENTIFIER
control field OkBaRHE
005 - DATE AND TIME OF LATEST TRANSACTION
control field 20000607103242.0
008 - FIXED-LENGTH DATA ELEMENTS--GENERAL INFORMATION
fixed length control field s1967 j 000 0 eng u
040 ## - CATALOGING SOURCE
Transcribing agency
100 1# - MAIN ENTRY--PERSONAL NAME
Personal name Bowie, Walter Russell, 1882-1969.
245 10 - TITLE STATEMENT
Title See yourself in the Bible.
250 ## - EDITION STATEMENT
Edition statement [1st ed.]
260 ## - PUBLICATION, DISTRIBUTION, ETC. (IMPRINT)
Place of publication, distribution, etc New York, NY., :
Name of publisher, distributor, etc Harper & Row
Date of publication, distribution, etc c1967
300 ## - PHYSICAL DESCRIPTION
Extent xi, 176 p. ;
Dimensions 22 cm.
650 ## - SUBJECT ADDED ENTRY--TOPICAL TERM
Topical term or geographic name as entry element Bible
General subdivision Biography
942 ## - ADDED ENTRY ELEMENTS (KOHA)
Source of classification or shelving scheme
Koha item type Books
Copies
Copy number Withdrawn status Full call number Koha item type Shelving location Date last seen Damaged status Date acquired Source of classification or shelving scheme Not for loan Lost status Permanent Location Price effective from Barcode
1 BS 571 .B58BooksGeneral Stacks2010-04-14 2010-04-14   RHEMA Bible Training College2010-04-141214